Forest mensuration

Bibliographic Details
Main Author: HUSCH 1923-
Other Authors: Beers, Kershaw 1962-
Format: Book
Published: New Jersey : Wiley , 2003
Edition:4th ed.
Subjects:

MARC

LEADER 00000cam a2200000 7i4500
001 0000002475
005 20030627.0
020 0 0 |a 0471018503 
090 0 0 |a R634.9285   |b HUS 2003 
100 1 0 |a HUSCH   |h Bertram   |c 1923- 
245 1 0 |a Forest mensuration   |c Bertram Husch, Thomas W. Beers, John A. Kershaw, Jr. 
250 0 0 |a 4th ed. 
260 0 0 |a New Jersey :   |b Wiley ,   |c 2003 
300 |a xii, 443 p. :   |b ill. ;   |c 24 cm. 
500 0 0 |a Includes bibliography : p. 412-432 and index 
650 0 0 |a Forest surveys 
650 0 0 |a Forests and forestry   |x Mensuration 
700 0 1 |a Beers   |h Thomas W. 
700 0 1 |a Kershaw   |h John ,   |c 1962- 
998 |a JPSM 
999 |a 0000004631   |b Monograph   |c Reference   |e Default branch 
999 |a 0000006985   |b Monograph   |c Open Shelf   |e Default branch